Central Library, Doon University
WEBOPAC (ONLINE PUBLIC ACCESS CATALOGUE)

Hazardous Waste Management (Record no. 60464)

MARC details
000 -LEADER
fixed length control field 00493nam a22001937a 4500
005 - DATE & TIME
control field 20260226113624.0
008 - FIXED-LENGTH DATA ELEMENTS--GENERAL INFORMATION
fixed length control field 260226b |||||||| |||| 00| 0 eng d
020 ## - ISBN
International Standard Book Number 817141351
Price 700.00
040 ## - CATALOGING SOURCE
Original cataloging agency Doon University
041 ## - Language
Language English
082 ## - DDC NUMBER
Classification number 363.7287
Book Number DEW
100 ## - MAIN ENTRY--PERSONAL NAME
Personal name Dewan, J. M.
245 ## - TITLE STATEMENT
Title Hazardous Waste Management
260 ## - PUBLICATION, DISTRIBUTION, ETC. (IMPRINT)
Place of publication, distribution, etc New Delhi
Name of publisher, distributor, etc Deep And Deep
Date of publication, distribution, etc 1996
300 ## - PHYSICAL DESCRIPTION
Pages 285
650 ## - Subject
Subject Environment Science
700 ## - Added Entry Personal Name
Added Entry Personal Name Sudarshan, K.N.
942 ## - ADDED ENTRY ELEMENTS (KOHA)
Koha item type Books
100 ## - MAIN ENTRY--PERSONAL NAME
-- 26415
650 ## - Subject
-- 310
700 ## - Added Entry Personal Name
-- 26416
952 ## - LOCATION AND ITEM INFORMATION (KOHA)
-- 2026-02-26
952 ## - LOCATION AND ITEM INFORMATION (KOHA)
-- 2026-02-26
952 ## - LOCATION AND ITEM INFORMATION (KOHA)
-- 2026-02-26
Holdings
Withdrawn status Lost status Source of classification or shelving scheme Damaged status Not for loan Location (home branch) Sublocation or collection (holding branch) Date acquired Koha full call number Accession No. Koha date last seen Koha item type Koha issues (times borrowed)
        Not For Loan Doon University Doon University 26.02.2026 363.7287 DEW 53134 26.02.2026 Reference  
          Doon University Doon University 26.02.2026 363.7287 DEW 53135 26.02.2026 Books  
          Doon University Doon University 26.02.2026 363.7287 DEW 53136 26.02.2026 Books  
Contact : +91-135-2533126 (Library),+91-135-2533105 (Admin Office) , Email : doonlibrary@gmail.com

Powered by Koha